O historických mestských jadrách v Taliansku

Bibliographic Details
Main Author: Kráľová, Eva, 1951- (Author)
Format: Article
Language:Slovak
PhysicalDescription:Obr.
Subjects:

MARC

LEADER 00000nab a2200000 a 4500
001 vtls000037554
003 SK-MaSNL
005 20260304205343.0
008 250423c1979 xo 0 slo
015 |a SNBRB19rr/mm-uuuuu 
035 |a CL0047649 
035 |a urn:nbn:sk:snk-abdk5s 
035 |a (urnnbn)urn:nbn:sk:snk:ar-001qas 
035 |a (uuid)bb4cdbdd-8473-414a-b858-4a373d0a51b3 
040 |a SNKBUCL  |b slo  |c SNKBUCL  |e AACR2 
041 0 |a slo 
044 |a xo  |c SK 
080 |a 719  |2 1981 
080 |a 711.523(450)  |2 1981 
080 |a 904(450):711.523  |2 1981 
100 1 |a Kráľová, Eva,  |d 1951-  |4 aut  |9 192919 
245 1 0 |a O historických mestských jadrách v Taliansku  |c Eva Kráľová 
300 |b Obr. 
650 0 7 |a kultúrne pamiatky  |2 snkbucl  |9 2862 
650 0 7 |a mestské historické centrá  |2 snkbucl  |9 2937 
650 0 7 |a pamiatková starostlivosť  |2 snkbucl  |9 2863 
651 7 |a Taliansko  |2 snkbucl  |9 21019 
655 7 |a články z novín a časopisov  |2 snkbucl  |9 267496 
773 0 |t Projekt  |g Roč. 21, č. 6-7 (1979), s. 60-61 
850 |a Slovenská národná knižnica 
852 |a Slovenská národná knižnica 
954 |a odborná, vedecká literatúra pôvodná (slovenská)  |2 lita 
958 |a article19 
958 |a RK 
958 |a OND 
958 |a EUIPO 
992 |a RBX 
999 |c 3120435  |d 3122365